| 000 | 00839nam a2200289Ia 4500 | ||
|---|---|---|---|
| 001 | Para_9884 | ||
| 003 | CHAP | ||
| 008 | 220125s2000 xx 000 0 und d | ||
| 010 | _a208564 | ||
| 020 | _a978 - 84 - 282 - 1237 - 3 | ||
| 040 | _cCHAP | ||
| 082 | _aPA 635 S65 2000 | ||
| 100 |
_aSmith, Edward C. _9175010 |
||
| 245 |
_aEl gran manual del cultivador de hortalizas / _c Edward C. Smith; tradución Gemma Fors |
||
| 260 |
_aEspaña : _b Omega |
||
| 300 | _a310 p. | ||
| 500 | _aTitulo original: The vegetable gardener's bible | ||
| 650 |
_aCultivos _x mejoramiento _930293 |
||
| 650 |
_aLegumbres _x Rendimiento _965781 |
||
| 901 | _aPA 635 S65 2000 | ||
| 902 | _aM | ||
| 905 | _a5232202000 8000000300 06 | ||
| 910 | _a2000 | ||
| 942 | _cPARA | ||
| 942 |
_cPARA _d1 |
||
| 999 |
_c208564 _d208564 |
||